000 00718nam a2200265Ia 4500
005 20260302114708.0
008 008 260114s9999 xx 000 0 eng d
020 _a9798765109496
037 _aTextbook
040 _aCRL
040 _beng
040 _cCRL
041 _2eng
041 _aeng
084 _qCRL
100 _aKaren von Kunes
_91119476
245 0 _aMilan Kundera Known and Unknown Multidimensional Analysis of Selected Works
260 _bBloomsbury
260 _bBloomsbury Academic
260 _c2024
650 _aLiterary Studies
856 _uhttps://doi.org/10.5040/9798765109496?locatt=label:secondary_bloomsburyCollections
942 _cEBOOK
999 _c1683516
_d1683516